01167 2200217 4500001002100000005001500021035002000036001002100056005001500077035002000092245007400112100001200186250001700198300002800215260003900243082001000282084001600292020002200308650002400330520059500354INLIS00000000000075620241022061754 a0010-1024000049INLIS00000000000075520241021084305 a0010-10240000481 aUniverse Encyclopedia Merkurius :bSi Mungil Pembawa Pesan /cSucipto0 aSucipto acetakan ke-1 a56 hlm :bIlus ;c25 cm aBekasi :bUranus Publishing,c2011 a523.4 a523.4 SUC u a978-602-8637-66-4 4aEnsiklopedia Planet aMerkurius merupakan salah satu dari 8 planet di tata surya kita. Planet mungil ini berada paling dekata dengan matahari. Planet terkecil ini bisa kita lihat dengan mata telanjang ketika matahari hendak terbitatau mau tenggelam. Posisinya yang sangat dekat dengan pusat tata surya membuatnya memantulkan sinar matahari. Sebagai Planet, merkurius merupakan benda langit yang tidak memiliki satelit selain venus. Merkurius menggelilingi matahari dengan orbit yang berbentuk elips. Lintasan orbitnya yang terdekat dengan matahari mencapai 47 juta km, sedangkan yang terjauh hingga 70 juta km.